• 首页
  • 本馆介绍
  • 公告通知
  • 最新文献
  • 馆藏检索
  • 电子资源
  • 读者导购
  • 参考咨询
  • 我的图书馆
  • 登录
  • 详细信息显示
  • 放入我的书架
  • 预约/预借图书
  • 作者相关作品
  • 分类相关作品
  • 丛书相关作品
  • 出版社相关作品

书目信息

  • 表格格式
  • 工作单格式
  • 卡片格式
题名:
音乐基础知识训练教程
    
 
作者: 翁建伟 编著
分册:  
出版信息: 北京   北京体育大学出版社  2003
页数: 154页
开本: 26cm
丛书名:
单 册:
中图分类: J6-43
科图分类:
主题词: 音乐 , 音乐--基本知识--教材
电子资源:
ISBN: 7-81051-886-0
000 01120nam0 2200325 450
000 01085nam0 2200313 450
000 01048nam0 2200301 450
000 00992nam0 2200301 450
000 00955nam0 2200289 450
000 00888nam0 2200265 450
001 0104000022
005 20061030100227.07
010    @a7-81051-886-0@dCNY14.80
100    @a20050927d2003 em y0chiy0110 ea
101 0  @achi
102    @aCN@b110000
105    @ag z 000yy
200 1  @a音乐基础知识训练教程@Ayin yue ji chu zhi shi xun lian jiao cheng@f翁建伟编著@Fweng jian wei bian zhu
210    @a北京@c北京体育大学出版社@d2003
215    @a154页@d26cm
300    @a音乐基础知识训练教程系列 A
330    @a本书系统而立体化地介绍音乐基础课的完整教学与训练,包括认谱、乐理、节奏等,试图提示出具体学习的目的以及达到目的、解决问题的方式与方法。
606 0  @a音乐
606 0  @a音乐@x基本知识@j教材
690    @aJ6-43@v4
701  0 @a翁建伟@9weng jian wei@4编著
801  0 @aCN@b北京荣雅伟业图书经销中心@c20061030
905    @aBZT@dJ6-43@e1
906    @dCNY14.80@n0@r1
    
    音乐基础知识训练教程/翁建伟编著.-北京:北京体育大学出版社,2003
    154页;26cm
    音乐基础知识训练教程系列 A
    
    ISBN 7-81051-886-0:CNY14.80
    本书系统而立体化地介绍音乐基础课的完整教学与训练,包括认谱、乐理、节奏等,试图提示出具体学习的目的以及达到目的、解决问题的方式与方法。
●
相关链接 在五车中查询图书 在当当中查询图书 在豆瓣中查询图书


正题名:音乐基础知识训练教程     索取号:J6-43/1         预约/预借

序号 登录号 条形码 馆藏地/架位号 状态 备注
1 515201   230087760   中心书库中库/ 中库020架B面5列4层32/ [索取号:J6-43/1] 在馆    
2 515202   230087759   中心书库中库/ 中库020架A面3列4层45/ [索取号:J6-43/1] 在馆    
3 515203   230087761   中心书库中库/ 中库020架A面3列4层48/ [索取号:J6-43/1] 在馆    
4 515204   230087762   中心书库中库/ 中库020架A面3列4层46/ [索取号:J6-43/1] 在馆    
5 515205   230087763   中心书库中库/ 中库020架A面3列4层47/ [索取号:J6-43/1] 在馆    
山东省滨州职业学院图书馆 欢迎您!
大连网信软件有限公司© 版权所有